Quizzes
Events
Quiz Creation
Community
Videos
Private Events
Remove Ads
Sign In
Join for FREE
Feedback
Dark Mode
Quiz Categories
Sports
Geography
Music
Movies
Television
Just For Fun
Miscellaneous
History
Literature
Language
Science
Gaming
Entertainment
Religion
Holiday
For Kids
Quiz Lab
Recent
Popular Today
Quiz Kudos Today
Editor Picks
Curator Picks
Quizzes by...
Day
Popularity
Type
Ratings
Length
Year
Community
Subscriptions
Recent Discussions
Orange Saloon
Badges
Playlists
Quests
Create
Leaderboards
Showdown
Live 5
Trivia Bingo
Activity
Puzzle Library
Sporcle Events
Private Events
Virtual Trivia
Globe League
Become a Host
Pub Owners
SporcleCon
Opinionation
Our Games
Videos
Blog
Mobile Apps
Partnerships
Remove Ads and Go Orange
Feedback
History
US Presidents
World Leaders
Politics
Nation
Discovery
War
Decade
Year
Century
Biography
Art
History
US Presidents
World Leaders
Politics
Nation
Discovery
War
Decade
Year
Century
Biography
Art
Random Quiz
Search Sporcle
×
Quiz Lab
Quiz Lab
History
Famous
Type in answers that appear in a list
Type in answers that appear in a list
Classic
Best Score? Go Orange.
Most Famous Companies and Brands Stats
Can you name the Most Famous Companies?
By
Superbuck
10m
30 Questions
427 Plays
427 Plays
427 Plays
Comments
Comments
Give Quiz Kudos
Give Quiz Kudos
-
- Ratings
hide this ad
Random Order
Randomize order of answers
Randomize order of answers
Replay
Link that replays current quiz
Next Quiz
Link to next quiz in quiz playlist
You Got
0%
They Got
Avg Score
51%
Avg Friend Score
Upgrade to see
Score Distribution
Jump to the score distribution portion of the page
Score
0/30
Timer
10:00
0
Plays Today
Answer
Answer
% Correct
Fast Food (Burgers)
Mcdonalds
86.2%
Computer
Apple
84.5%
Subs
Subway
78.5%
Fast food (Chicken)
KFC
76.8%
Fast food (Tacos)
Taco Bell
75.6%
Credit Card
Visa
74.7%
Fast Food (Burgers)
Burger King
73.5%
Credit Card
Mastercard
71.7%
Drink
Coca-cola
67.2%
Drinks
Pepsi
64.6%
Beer
Budweiser
55.3%
Computer
Dell
55%
online shopping
Ebay
53.6%
Store
Wal-mart
53.4%
Computers
Microsoft
52.7%
Answer
Answer
% Correct
Credit Card
American Express
49.2%
Delivery
FedEx
47.8%
Car
BMW
44.3%
Chocolate
Hersheys
43.8%
Baby food
Gerber
43.3%
Airline
Delta
42.9%
Jelly
Smuckers
39.1%
Medication
Tylenol
38.2%
Cell Phone
Verizon
36.1%
Medication
Advil
35.8%
Subs
Quiznos
31.6%
Phones
AT&T
27.6%
Car
Chevy
25.3%
Insurance
Aflac
7.5%
Clothing
Calvin Klein
7.5%
Quiz Playlist
Details
Report
Send in Message
Add To Playlist
Classic:
Type in answers that appear in a list
Random Order:
Randomize order of answers
Quiz Source
Last Updated: Feb 16, 2017
Quiz Scoreboard
CHALLENGE
Sign Up to Join the Scoreboard
Show All
Scores
Hide
Comments
May contain spoilers
Recently Published
An Introduction to Baseball
by treessimontrees
Sports
5m
Movies - When Are They Set?
by FPL_Elf
Movies
5m
Popular People in 1961
by mucciniale
History
6m
More to Explore
Quiz From the Vault
Featured Blog Post
Where Did the Easter Bunny Come From?
hide this ad
You Might Also Like...
Tags
Company Quiz
Famous Quiz
Most Famous
Today's Top Quizzes in History
Browse History
hide this ad
Today's Top Quizzes in Famous
Browse Famous
Top Contributed Quizzes in History
1
Popular People in 1991
2
Popular People in 1981
3
Popular People in 1951
4
Popular People in 1941
5
Popular People in 1986
6
Popular People in 1976
7
Popular People in 1921
8
I Am Born On March 28th
9
Popular People in 1946
10
Popular People in 1936
Explore More
Trending Topics
Crossword
Disney
Kpop
Marvel
Anime
NBA
Harry Potter
Puzzle
The Office
WWE
Country
Soccer
NFL
Song
Pokémon
hide this ad
More By:
Superbuck
Quiz
Plays
Rating
Category
Featured
Created
Ultimate Supernatural Quiz
4,414
1.24
Television
Oct 5, 2010
Roller Coasters Trivia
526
2.50
Just For Fun
Oct 7, 2010
Boardgames
430
1.89
Gaming
Oct 8, 2010
Most Famous Companies and Brands
427
1.00
History
Oct 12, 2010
Halloween Treats
310
2.00
Holiday
Oct 10, 2010
Go to Creator's Profile
Score Distribution
Quiz Creator Spotlight
Superbuck
Follow
Send a Message
Quizzes Created
-
Created Quiz Play Count
-
More By This Creator
Popular Quizzes Today
1
Find the Countries of Europe - No Outlines Minefield
2
Find the US States - No Outlines Minefield
3
The Countries of the World
4
Popular People in 1961
5
Find the US States
6
US States
7
1-10 Letter E Words III
8
Risky Map Clicking: Biggest States A-Z
More History Quizzes
Female Artists & Their Works
Editor's Pick
Trending Quizzes
Risky Map Clicking: Least Populous States A-Z
1-10 Letter F Words
1-10 Letter G Words
Not Quite an Element Typing Challenge
One Thing in Common: United Kingdom
Recently Updated
Leaping Animals
pecheneg
Reality TV Shows (A-Z)
bhenderson79
Rickey Henderson's Hall of Fame Teammates
pecheneg
Champions League XIs: Arsenal
pecheneg
Quick Pick: Celebrities in WWE's Hall of Fame
aduchscher
A-Z Keypad Blitz II
pecheneg
Multiple Oscar Actors
pecheneg
Mystery Phrase Blitz: Oscar 'Best Actors'
pecheneg
F. Scott Fitzgerald Novels
LTH
Pick 3 Villains
ddd62291
Trending Topics
Anime
Kpop
Crossword
Marvel
Harry Potter
Disney
NBA
Soccer
Country
Song
NFL
The Office
WWE
Puzzle
Pokémon
Your Account Isn't Verified!
In order to create a playlist on Sporcle, you need to verify the email address you used during registration. Go to your
Sporcle Settings
to finish the process.
Report this User
Report this user for behavior that violates our
Community Guidelines
.
Details:
Send Report
Go to the Sporcle.com Mobile Site →
Comments